Règne de Louis XIV - Statistiques

Statistiques générales
  • Ce quiz a été pris 818 fois
  • Le résultat moyen est 16 sur 26
Statistiques - réponses
Question Réponse % Correct
Son surnom le plus connu Roi {Soleil}
100%
Sa démeure royale qu'il fit construire dés 1661 Château de Versailles
96%
Sa dynastie Bourbon
91%
Dramaturge né Jean-Baptiste Poquelin Molière
88%
Louis XIV révoqua ce document, qui fut promulgué par son grand-père, en 1685 Édit de {Nantes}
87%
Cardinal et principal ministre pendant cette période Mazarin
85%
Période de conflits après la régence La {Fronde}
75%
Sa citation la plus célèbre L'{état} c'est moi
74%
Terme qui désigne le pouvoir exercé par Louis XIV {Absolut}isme
72%
Principal ministre de Louis XIV de 1661 à 1683 Jean-Baptiste Colbert
72%
Prisonnier de Louis XIV, dont l'identité reste aujourd'hui un mystère L'homme au {masque} {de} {fer}
72%
Sa démeure parisienne avant cette dernière Palais du Louvre
71%
Principal confesseur de Louis XIV, qui a donné son nom au plus célèbre cimetière parisien Père {La} {Chaise}
71%
Surintendant des finances qui fut destitué après être accusé de détournement de fonds Nicolas Fouquet
62%
Principal compositeur de la cour du roi Jean-Baptiste Lully
61%
Jardinier de Louis XIV André Le Nôtre
60%
Sa naissance étant considérée comme "don du ciel", il est aussi surnommé ainsi Louis-{Dieudonné}
59%
Lieu parisien ou furent accueillis les soldats blessés au combat Les Invalides
57%
Sa maîtresse, qu'il épousa en secret en 1683 Madame de Maintenon
57%
Scandale qui secoua son règne entre 1679 et 1682 Affaire des {Poisons}
50%
Brillant ingénieur qui fut nommé Maréchal Vauban
48%
Surnom de son cousin Louis II de Bourbon, qui vécut au château de Chantilly Grand {Condé}
43%
Fameux canal construit pendant son règne, reliant Toulouse à la Méditerranée Canal du Midi
42%
Ligue créée par les grandes puissances européennes contre Louis XIV Ligue d'{Augsbourg}
31%
Impôt prélevé dés 1695 pour financer le combat contre cette Ligue Capitation
12%
Surnom des insurgés cévenols qui se rebellèrent contre cette révocation Camisards
11%
Aucun quiz correspondant
Distribution des résultats
% des personnes avec chaque résultat
Percentile par nombre de réponses
Votre historique - résultats
Vous n’avez pas pris ce quiz